00233nam a2200085Ia 450000100070000000500170000700800410002424500470006526000350011295667920250826215829.0250824s9999 xx 000 0 und d 0aKÜÇÜK ŞEYLER 4cÜSTÜN DÖKMEN bREMZİ KİTABEVİ YAYINLARI